01665nam a2200373Ia 4500001001200000003000800012006001900020007001500039008004100054020001800095020001500113020002600128020002300154040002100177035002100198050003000219245016100249246009100410260006600501300002500567500007200592504004100664533015200705546005400857610003900911650004700950655002900997700001901026710003901045710004701084710001701131856012601148999001701274ebr10333715CaPaEBRm u cr cn|||||||||090416s2009 dcua sb 000 0 eng d z9780821379868 z0821379860 z9780821379950 (ebook) z082137995X (ebook) aCaPaEBRcCaPaEBR a(OCoLC)55188890714aHG3881.5.I56bI534 2009eb00aIndependent evaluation of IFC's development results 2009h[electronic resource] :bknowledge for private sector development /cIndependent Evaluation Group.3 aIndependent evaluation of International Finance Corporation's development results 2009 aWashington, D.C. :bInternational Finance Corporation,c2009. alxiv, 123 p. :bill. a"This report was prepared by a team led by Daniel Crabtree"--P. xi. aIncludes bibliographical references. aElectronic reproduction.bPalo Alto, Calif. :cebrary,d2009.nAvailable via World Wide Web.nAccess may be limited to ebrary affiliated libraries. aIn English, with some Arabic, French and Spanish.20aInternational Finance Corporation. 0aEconomic development projectsxEvaluation. 7aElectronic books.2local1 aCrabtree, Dan.2 aInternational Finance Corporation.2 aWorld Bank.bIndependent Evaluation Group.2 aebrary, Inc.40uhttp://site.ebrary.com/lib/rucke/Doc?id=10333715zAn electronic book accessible through the World Wide Web; click to view c50720d50720